00659 2200241 4500001002100000005001500021035002000036245008100056100001600137250000600153300003500159700002000194260004700214082001100261084001700272020002200289650002100311990001700332990001700349990001700366990001700383990001700400INLIS00000000000017920180905025516 a0010-09180000331 aKecil-Kecil Berani Menyunting Naskah /cEdi Warsidi; Editor, Adi Abdul Somad0 aEdi Warsidi a- avi, 58 hlm. :bilus. ;c21 cm.0 aAdi Abdul Somad aBandung :bPT Karsa Mandiri Persada,c2009 a808.02 a808.02 EDI k a978-979-005-006-8 aTeknik Penulisan a00764/P/2018 a00765/P/2018 a00766/P/2018 a00767/P/2018 a04290/P/2018